000 00812nam a22002772 4500
001 0000020418
003 OSt
005 20250206162019.0
008 250206s xx 000 0 eng d
020 _a9780702078071:
040 _aKABU
_cKABU
050 _aRS189
_b.W38 2021
100 1 _aWatson, David G.
245 1 0 _aPharmaceutical analysis :
_ba textbook for pharmacy students and pharmaceutical chemists /
_cDavid G. Watson.
250 _a5th ed.
260 _aLondon :
_bElsevier,
_c2021.
300 _axiii, 371 p.
504 _aIncludes index
650 0 _aDrugs
_xAnaysis.
650 0 _aPharmaceutical preparation
_xAnalysis.
650 0 _aSpectrum.
_xAnalysis.
650 0 _aChromatography.
700 _aPatel, Bhavik A.
942 _2lcc
_cBK
999 _c20625
_d20624